Křížovka života : moudrost orientální medicíny a dnešek /

Hlavní autor: Jonáš, Josef, 1945-2025
Další autoři: Pospíšil, Jaroslav
Jazyk: Čeština
Vydáno: Litvínov : Dialog, 1991
Vydání: 4. vyd., v Dialogu 3.
Témata:
Externí odkaz: Digitalizovaný dokument
Fyzický popis: 268 s. : il. ; 20 cm
Knihy
Uloženo v:
LEADER 01313nam a22003612a 4500
001 000098019
003 CZ BrMZK
005 20140903133229.0
007 ta
008 950101s1991 xr a f 000 0 cze d
015 |a cnb000061165 
020 |a 80-85194-27-9  |q (brož.) 
040 |a ABA001  |b cze  |d BOA001 
080 9 |a 615.814.1 
080 9 |a 613 
080 9 |a 641.1 
080 9 |a 633.88 
100 1 |a Jonáš, Josef,  |d 1945-2025  |7 jn19981001580  |4 aut 
245 1 0 |a Křížovka života :  |b moudrost orientální medicíny a dnešek /  |c Josef Jonáš ; ilustrace Jaroslav Pospíšil 
250 |a 4. vyd., v Dialogu 3. 
260 |a Litvínov :  |b Dialog,  |c 1991 
300 |a 268 s. :  |b il. ;  |c 20 cm 
500 |a 50000 výt. 
700 1 |a Pospíšil, Jaroslav  |7 jx20040611010  |4 ill 
856 4 1 |u http://www.digitalniknihovna.cz/mzk/uuid/uuid:55f82f50-33f5-11e4-8e0d-005056827e51  |y Digitalizovaný dokument  |x NDK 
910 |a BOA001  |b 2-0965.856 
964 |a Lékařství lidové - Orient 
964 |a Akupunktura 
964 |a Lékařství orientální 
964 |a Životospráva 
990 |a BK 
996 6 |b 2610378453  |c 2-0965.856  |l MZK  |r Sklad / do 1 hodiny  |n 1  |p dar  |w 000098019  |u 000020  |a 1  |e BOA001  |j MZK50  |s P 
996 7 |b 2619992176  |c 2-0965.856  |l MZK  |r Sklad / do 1 hodiny  |n 59  |w 000098019  |u 000010  |a 1  |e BOA001  |j MZK50  |s A